000
00314nam a22001337a 4500
020
_a
9789698464204
040
_c
NUST
082
_a
297.7
_b
FAI
100
_a
Faiez Hassan (Seyal)
_9
124541
245
_a
BADLAIN GAY
260
_a
PAKISTAN:
_b
Ace Book,
_c
2007.
650
_a
BADLAIN GAY
_9
124542
942
_2
ddc
_c
BK
999
_c
610367
_d
610367